000 01014cam a22002771 4500
001 sd 49000177
003 DLC
005 20260227112735.0
007 cr||||
008 821029s1945 dcu 000 0 eng
010 _asd 49000177
040 _aDLC
_cDLC
_dDLC
043 _aa-ja---
050 0 0 _aUB250
_b.U33 no. 3251
110 1 _aUnited States.
_bOffice of Strategic Services.
_bResearch and Analysis Branch.
245 1 0 _aJapanese analyses of the causes of defeat.
260 _a[Washington]
_c1945.
300 _a6 l.
_c27 cm.
490 1 _aR & A ; no. 3251
530 _aAlso available in digital form on the Library of Congress Web site.
650 0 _aWorld War, 1939-1945
_zJapan.
650 0 _aWorld War, 1939-1945
_xPublic opinion
_zJapan.
810 1 _aUnited States.
_bDepartment of State.
_bOffice of Intelligence Research.
_tR & A ;
_vno. 3251.
856 4 1 _3PDF
_uhttp://hdl.loc.gov/loc.gdc/scd0001.20010126001ja.1
856 4 1 _3Page view
_uhttp://hdl.loc.gov/loc.gdc/scd0001.20010126001ja.2
999 _c89998
_d89998